[Event "AUT-ch U14 Girls"]
[Site "St Veit"]
[Date "2017.06.05"]
[Round "5.5"]
[White "Mostoegl, Chiara Marika"]
[Black "Seebacher, Sarah"]
[Result "1-0"]
[WhiteElo "1291"]
[BlackElo "1565"]
[PlyCount "85"]
[EventDate "2017.06.03"]
[EventType "swiss"]
[EventRounds "7"]
[EventCountry "AUT"]
[SourceTitle "EXT 2024"]
[Source "ChessBase"]
[SourceDate "2023.10.10"]
[SourceVersion "1"]
[SourceVersionDate "2023.10.10"]
[SourceQuality "1"]

1. e4 e5 2. Nf3 Nc6 3. Bc4 Bc5 4. 0-0 Nf6 5. Nc3 0-0 6. d3 h6 7. Be3 Bb6 8. Qd2 Bxe3 9. fxe3 d6 10. d4 exd4 11. exd4 Re8 12. Rae1 a6 13. a3 b6 14. Qd3 Bb7 15. Nd2 Rf8 16. Ne2 Nh5 17. Ng3 Nxg3 18. Qxg3 Nxd4 19. c3 Nc6 20. Nf3 Ne7 21. Nh4 b5 22. Ba2 c5 23. Rf6 Ng6 24. Rxg6 c4 25. Rxg7+ Kh8 26. Nf5 Rg8 27. Rxg8+ Qxg8 28. Qxg8+ Kxg8 29. Nxd6 Bc6 30. b3 Rd8 31. Nf5 Kf8 32. bxc4 Rd2 33. cxb5 Bxb5 34. Bd5 Rc2 35. Re3 Rc1+ 36. Kf2 Rc2+ 37. Kf3 Bf1 38. Nh4 a5 39. e5 a4 40. e6 fxe6 41. Rxe6 Rxc3+ 42. Re3 Rxe3+ 43. Kxe3 1-0

[Event "AUT-ch U14 Girls"]
[Site "St Veit"]
[Date "2017.06.04"]
[Round "4.5"]
[White "Seebacher, Sarah"]
[Black "Oberberger, Bianca"]
[Result "1-0"]
[WhiteElo "1565"]
[BlackElo "1099"]
[PlyCount "133"]
[EventDate "2017.06.03"]
[EventType "swiss"]
[EventRounds "7"]
[EventCountry "AUT"]
[SourceTitle "EXT 2024"]
[Source "ChessBase"]
[SourceDate "2023.10.10"]
[SourceVersion "1"]
[SourceVersionDate "2023.10.10"]
[SourceQuality "1"]

1. e4 e5 2. Nf3 Nc6 3. Bc4 Bc5 4. c3 Nf6 5. d3 h6 6. Nbd2 0-0 7. 0-0 d6 8. Bb3 Be6 9. Bc2 Qd7 10. Re1 Rfe8 11. Nf1 Ne7 12. a3 a6 13. Ng3 Ng6 14. h3 Qd8 15. Be3 Ba7 16. Bxa7 Rxa7 17. Nh2 c6 18. Rf1 d5 19. exd5 cxd5 20. Nf3 Qc7 21. Re1 Bd7 22. Qc1 Raa8 23. h4 Bg4 24. Nh2 Qb6 25. d4 exd4 26. Rxe8+ Rxe8 27. Bxg6 fxg6 28. Nxg4 Nxg4 29. Qf4 Nf6 30. Qxd4 Qxd4 31. cxd4 Kf7 32. Rc1 Re7 33. Kf1 h5 34. Ne2 Re4 35. Rc7+ Re7 36. Rxe7+ Kxe7 37. Nc3 b5 38. Ke2 Ke6 39. f3 Nh7 40. a4 b4 41. Na2 a5 42. Nc1 g5 43. hxg5 Nxg5 44. Nd3 Kd6 45. Nf4 Ne6 46. Nxh5 Nxd4+ 47. Kd3 Ne6 48. g3 g6 49. Nf6 g5 50. b3 Nc5+ 51. Kc2 d4 52. Ng4 Ke6 53. Nf2 Ke5 54. Nd3+ Nxd3 55. Kxd3 Kd5 56. f4 gxf4 57. gxf4 Kc5 58. Ke4 Kd6 59. Kxd4 Ke6 60. Ke4 Kf7 61. Ke5 Ke7 62. f5 Kf8 63. Ke6 Ke8 64. f6 Kf8 65. f7 Kg7 66. Ke7 Kg6 67. f8Q 1-0

[Event "AUT-ch U14 Girls"]
[Site "St Veit"]
[Date "2017.06.03"]
[Round "1.6"]
[White "Hiebner, Carina"]
[Black "Seebacher, Sarah"]
[Result "1-0"]
[WhiteElo "936"]
[BlackElo "1565"]
[PlyCount "81"]
[EventDate "2017.06.03"]
[EventType "swiss"]
[EventRounds "7"]
[EventCountry "AUT"]
[SourceTitle "EXT 2024"]
[Source "ChessBase"]
[SourceDate "2023.10.10"]
[SourceVersion "1"]
[SourceVersionDate "2023.10.10"]
[SourceQuality "1"]

1. d4 Nf6 2. Bf4 g6 3. e3 Bg7 4. Nf3 0-0 5. Nbd2 d6 6. c3 Nh5 7. Bg3 Nxg3 8. hxg3 Nc6 9. Bd3 e5 10. d5 Ne7 11. Qc2 Nxd5 12. e4 Ne7 13. 0-0-0 Be6 14. Kb1 Nc6 15. Nc4 b5 16. Ncd2 a6 17. Rh2 b4 18. Bc4 Bd7 19. Bd5 Rb8 20. Bxc6 Bxc6 21. cxb4 Bd7 22. a3 c6 23. Nc4 d5 24. exd5 Bf5 25. Rd3 Bxd3 26. Qxd3 Re8 27. Qe4 cxd5 28. Qh4 Qxh4 29. Rxh4 dxc4 30. Rxc4 Rbc8 31. b3 Rxc4 32. bxc4 Rc8 33. c5 Bf8 34. Nxe5 a5 35. Nd7 axb4 36. axb4 Bg7 37. Kc2 Rd8 38. c6 Bf8 39. b5 Rxd7 40. cxd7 Be7 41. b6 1-0

[Event "AUT-ch U12 Girls"]
[Site "St Veit"]
[Date "2016.05.16"]
[Round "6"]
[White "Seebacher, Sarah"]
[Black "Stadlinger, Lea"]
[Result "0-1"]
[WhiteElo "1021"]
[BlackElo "1284"]
[PlyCount "116"]
[EventDate "2016.05.14"]
[EventType "swiss"]
[EventRounds "7"]
[EventCountry "AUT"]
[SourceTitle "CBM 172 Extra"]
[Source "ChessBase"]
[SourceDate "2016.06.21"]
[SourceVersion "1"]
[SourceVersionDate "2016.06.21"]
[SourceQuality "1"]

1. e4 e5 2. Nf3 Nc6 3. Bc4 Nf6 4. d3 Bc5 5. 0-0 d6 6. Be3 Bb6 7. Nc3 Bg4 8. Bb5 h6 9. Nd5 0-0 10. Bxc6 bxc6 11. Nxb6 axb6 12. h3 Bh5 13. c3 Re8 14. Re1 d5 15. exd5 cxd5 16. a3 e4 17. dxe4 dxe4 18. Qxd8 Raxd8 19. Nd2 Bg6 20. c4 c6 21. Rad1 b5 22. b3 Rd3 23. cxb5 cxb5 24. a4 bxa4 25. bxa4 Ra8 26. Ra1 Nd5 27. Nc4 Nb4 28. Rec1 Nd5 29. Re1 f5 30. Ne5 Nxe3 31. fxe3 Rd6 32. Nxg6 Rxg6 33. Kf2 Rga6 34. Rec1 Rxa4 35. Rab1 Ra2+ 36. Kg1 Re2 37. Re1 Rxe1+ 38. Rxe1 Kf7 39. Rb1 Ra3 40. Kf2 Ra2+ 41. Kf1 Kg6 42. Rb6+ Kg5 43. g3 g6 44. Rc6 Rh2 45. h4+ Kh5 46. Rc3 Kg4 47. Rc6 g5 48. Kg1 Kxg3 49. hxg5 hxg5 50. Rg6 Rg2+ 51. Kf1 Kf3 52. Rg7 Rg4 53. Rf7 Kxe3 54. Rxf5 Rf4+ 55. Rxf4 gxf4 56. Kg1 Ke2 57. Kg2 f3+ 58. Kg1 f2+ 0-1